Statistics for Best Selling Automobiles Of All Time By Country

Click here to take the quiz!

General Stats

  • This quiz has been taken 64 times
  • The average score is 3 of 16

Answer Stats

CountryAnswer% Correct
JapanToyota Corolla
71%
GermanyVolkswagen Golf
45%
United StatesFord F-Series
38%
Czech RepublicSkoda Octavia
34%
FranceRenault Clio
29%
SpainSEAT Ibiza
21%
ItalyFiat Uno
13%
United KingdomMorris Mini
11%
AustraliaFord Falcon
5%
IndiaHindustan Ambassador
5%
MalaysiaPerodua Myvi
5%
ChinaVolkswagen Santana
4%
SwedenVolvo 200 Series
4%
Poland126p
2%
TurkeyRenault Symbol
2%
UkraineZAZ Zaporozhets
2%

Score Distribution

Percentile by Number Answered

Percent of People with Each Score

Your Score History

You have not taken this quiz